Designing green landscapes, editors : Gadow, Klaus von & Pukkala, Timo
| Other Authors: | , |
|---|---|
| Format: | Book |
| Published: |
Dordrecht : Springer ,
2008
|
| Subjects: |
MARC
| LEADER | 00000cam a2200000 7i4500 | ||
|---|---|---|---|
| 001 | 0000003760 | ||
| 005 | 20110531.0 | ||
| 020 | 0 | 0 | |a 9781402067587 |
| 090 | 0 | 0 | |a 634.9222 |b GADOW 2008 |
| 245 | 0 | 0 | |a Designing green landscapes, editors : Gadow, Klaus von & Pukkala, Timo |
| 260 | 0 | 0 | |b Dordrecht : |b Springer , |c 2008 |
| 300 | |a x.286 p. : |b ill. ; |c 24 cm. | ||
| 500 | 0 | 0 | |a Includes bibliographical references |
| 650 | 0 | 0 | |a Forest mannagement |
| 700 | 0 | 1 | |a Gadow, Klaus von |
| 700 | 0 | 1 | |a Pukkala, Timo |
| 999 | |a 007608 |b Monograph |c Open Shelf |e Default branch | ||